Thea Stilton and the rainforest rescue / (Record no. 177599)

MARC details
000 -LEADER
fixed length control field 00844nam a22002297a 4500
005 - DATE AND TIME OF LATEST TRANSACTION
control field 20210408153145.0
010 ## - LCCN (DPL NO)
LC control number B-739282-284 B-739747
020 ## - INTERNATIONAL STANDARD BOOK NUMBER
International Standard Book Number 9789390189328
Terms of availability 350.00
035 ## - SYSTEM CONTROL NUMBER
System control number B-739282-284
035 ## - SYSTEM CONTROL NUMBER
System control number B-739747
037 ## - SOURCE OF ACQUISITION
Source of stock number/acquisition Scholastic
037 ## - SOURCE OF ACQUISITION
Source of stock number/acquisition Gift
082 ## - DEWEY DECIMAL CLASSIFICATION NUMBER
Classification number S
100 ## - MAIN ENTRY--PERSONAL NAME
Personal name Stilton, Thea
245 ## - TITLE STATEMENT
Title Thea Stilton and the rainforest rescue /
Statement of responsibility, etc by Thea Stilton
260 ## - PUBLICATION, DISTRIBUTION, ETC. (IMPRINT)
Name of publisher, distributor, etc Scholastic
Place of publication, distribution, etc New York
Date of publication, distribution, etc 2020
270 ## - ADDRESS
Address 557 Broadway
City New York
Postal code NY 10012
300 ## - PHYSICAL DESCRIPTION
Extent 168p.:
Dimensions 19cm(pbk)
Other physical details ill.
942 ## - ADDED ENTRY ELEMENTS (KOHA)
Source of classification or shelving scheme Dewey Decimal Classification
Item type Children Books
Call number suffix STI
Classification part S
Holdings
Withdrawn status Lost status Not for loan Collection code Home library Current library Date acquired Source of acquisition Cost, normal purchase price Full call number Barcode Copy number Cost, replacement price Koha item type Public note
      Fiction Central Library Central Library 08/04/2021 Gift/Eng/05-04-2021 350.00 S STI B-739747 1 350.00 Children Books Gift
      Fiction Mobile Library Mobile Library 22/03/2021 Scholastic/LB-M-00154HQ/09-03-2021/24/03-03-2021/15-03-2021 350.00 S STI B-739282 3 350.00 Children Books  
      Fiction Mobile Library Mobile Library 22/03/2021 Scholastic/LB-M-00154HQ/09-03-2021/24/03-03-2021/15-03-2021 350.00 S STI B-739283 3 350.00 Children Books  
      Fiction Mobile Library Mobile Library 22/03/2021 Scholastic/LB-M-00154HQ/09-03-2021/24/03-03-2021/15-03-2021 350.00 S STI B-739284 3 350.00 Children Books  

© Delhi Public Library
Hit Counter
free hit counter